Count to 10: Duolingo Languages - Statistics

General Stats
  • This quiz has been taken 211 times
    105 since last reset
  • The average score is 100 of 390
Answer Stats
# Language Answer % Correct
1 French | Welsh un
99%
4 Chinese (Mandarin)
96%
6 Irish a sé
96%
3 Danish | Italian | Norwegian (Bokmål) | Swedish tre
93%
1 Italian | Spanish uno
93%
2 Hindi दो
90%
2 Irish a dò
90%
2 Spanish dos
88%
3 Latin | Spanish tres
88%
3 Portuguese três
88%
2 Haitian Creole de
83%
6 Italian sei
83%
5 Portuguese | Spanish cinco
79%
5 French cinq
79%
2 German zwei
76%
2 French deux
75%
6 French six
75%
3 French trois
75%
4 Spanish cuatro
74%
3 German drei
74%
2 Esperanto du
71%
1 German eins
71%
9 Spanish nueve
71%
5 German fünf
69%
4 Italian quattro
69%
6 Portuguese | Spanish seis
69%
8 Spanish ocho
68%
10 Turkish on
68%
4 Dutch | German vier
68%
8 Dutch | German acht
67%
9 French neuf
67%
4 French quatre
67%
7 German sieben
67%
7 Spanish siete
67%
9 German neun
65%
7 Esperanto sep
65%
10 French dix
64%
4 Portuguese quatro
63%
6 German sechs
63%
7 French sept
63%
10 German zehn
63%
10 Spanish diez
60%
8 French huit
58%
3 Russian | Ukrainian три
57%
3 Irish a trí
56%
3 Czech tři
56%
3 Esperanto | Welsh tri
56%
3 Scottish Gaelic trì
56%
2 Japanese
54%
9 Danish | Norwegian (Bokmål) ni
54%
2 Italian due
50%
1 Danish en
50%
1 Norwegian (Bokmål) én
50%
7 Haitian Creole sèt
49%
3 Chinese (Mandarin) | Japanese
47%
10 Danish | Norwegian (Bokmål) ti
46%
5 Hungarian öt
44%
6 Latin | Swedish sex
44%
2 Russian | Ukrainian два
43%
2 Czech dva
43%
9 Italian | Portuguese nove
43%
2 Latin duo
42%
8 Italian otto
42%
1 Portuguese um
42%
5 Italian cinque
40%
7 Italian sette
40%
2 Danish | Norwegian (Bokmål) to
40%
1 Esperanto | Romanian unu
40%
1 Japanese
39%
4 Japanese
39%
2 Chinese (Mandarin)
38%
1 Ukrainian один
38%
1 Dutch een
38%
4 Yiddish פֿיר
36%
1 Chinese (Mandarin)
35%
10 Chinese (Mandarin)
35%
2 Polish dwa
35%
3 Korean
33%
3 Dutch drie
33%
6 Esperanto ses
33%
2 Dutch twee
33%
5 Chinese (Mandarin) | Japanese
32%
8 Chinese (Mandarin)
32%
1 Russian один
32%
10 Portuguese dez
32%
2 Romanian doi
32%
7 Portuguese sete
32%
7 Chinese (Mandarin)
31%
6 Japanese
31%
3 Vietnamese ba
31%
2 Portuguese dois
31%
1 Polish jeden
31%
10 Italian dieci
29%
8 Portuguese oito
29%
6 Danish | Norwegian (Bokmål) seks
29%
5 Russian пять
28%
7 Russian семь
28%
5 Danish | Norwegian (Bokmål) | Swedish fem
28%
4 Danish | Norwegian (Bokmål) fire
28%
5 Polish pięć
28%
3 Polish trzy
28%
2 Swedish två
28%
6 Chinese (Mandarin)
26%
2 Scottish Gaelic dhà
26%
10 Haitian Creole dis
26%
8 Polish osiem
26%
1 Greek ένα
25%
1 Hindi एक
25%
5 Ukrainian п’ять
25%
9 Dutch negen
25%
8 Esperanto ok
25%
7 Polish siedem
25%
10 Dutch tien
25%
3 Romanian trei
25%
1 Latin unus
25%
5 Dutch vijf
25%
6 Dutch zes
25%
7 Dutch zeven
25%
8 Swedish åtta
24%
2 Klingon cha’
24%
10 Esperanto dek
24%
1 Swedish ett
24%
4 Swedish fyra
24%
8 Danish otte
24%
7 Norwegian (Bokmål) | Swedish sju
24%
10 Swedish tio
24%
1 Turkish bir
22%
4 Polish cztery
22%
8 Finnish kahdeksan
22%
2 Finnish kaksi
22%
3 Finnish kolme
22%
4 Finnish neljä
22%
7 Danish syv
22%
5 Finnish viisi
22%
9 Finnish yhdeksän
22%
1 Finnish yksi
22%
9 Chinese (Mandarin) | Japanese
21%
2 Greek δύο
21%
4 Hebrew אַרְבַּע
21%
8 Japanese
21%
10 Japanese
21%
6 Russian шесть
21%
8 Russian восемь
21%
8 Norwegian (Bokmål) åtte
21%
5 Romanian cinci
21%
2 Indonesian dua
21%
6 Finnish kuusi
21%
9 Swedish nio
21%
7 Finnish seitsemän
21%
3 Hebrew שָׁלוֹשׁ
19%
9 Hindi नौ
19%
10 Hindi दस
19%
7 Japanese
19%
4 Turkish dört
19%
10 Polish dziesięć
19%
9 Polish dziewięć
19%
10 Finnish kymmenen
19%
8 Latin octo
19%
4 Romanian patru
19%
5 Czech pět
19%
6 Polish sześć
19%
3 Turkish üç
19%
1 Klingon wa’
19%
10 Greek δέκα
18%
9 Russian девять
18%
10 Russian десять
18%
5 Turkish beş
18%
4 Vietnamese bốn
18%
9 Turkish dokuz
18%
2 Turkish iki
18%
7 Latin septem
18%
7 Arabic سبعة
17%
9 Arabic تسعة
17%
4 Greek τέσσερα
17%
8 Greek οκτώ
17%
9 Greek εννέα
17%
6 Hebrew שֵׁשׁ
17%
7 Ukrainian сім
17%
6 Turkish altı
17%
10 Latin decem
17%
9 Romanian nouă
17%
9 Latin novem
17%
8 Romanian opt
17%
5 Latin quinque
17%
7 Romanian şapte
17%
6 Romanian şase
17%
8 Turkish sekiz
17%
6 Haitian Creole sis
17%
7 Turkish yedi
17%
10 Romanian zece
17%
5 Arabic خمسة
15%
6 Greek έξι
15%
7 Greek επτά
15%
10 Hebrew עֶשֶׂר
15%
1 Hungarian egy
15%
4 Hawaiian 'Eha
15%
5 Indonesian lima
15%
9 Esperanto naŭ
15%
4 Latin quattuor
15%
1 Indonesian satu
15%
3 Haitian Creole twa
15%
3 Greek τρία
14%
5 Greek πέντε
14%
8 Hebrew שְׁמוֹנֶה
14%
9 Hebrew תֵּשַׁע
14%
3 Hindi तीन
14%
5 Hindi पांच
14%
7 Hindi सात
14%
9 Ukrainian дев’ять
14%
9 Czech devět
14%
6 Hungarian hat
14%
7 Hungarian hét
14%
6 Czech šest
14%
10 Arabic عشرة
13%
7 Hebrew שֶׁבַע
13%
4 Hindi चार
13%
8 Ukrainian вісім
13%
10 Ukrainian десять
13%
7 Irish a seacht
13%
10 Czech deset
13%
4 Haitian Creole kat
13%
2 Hungarian kettö
13%
9 Hungarian kilenc
13%
4 Hungarian négy
13%
8 Hungarian nyolc
13%
7 Swahili saba
13%
10 Hungarian tíz
13%
1 Arabic واحد
11%
6 Arabic ستة
11%
1 Korean 하나
11%
4 Indonesian empat
11%
3 Hungarian három
11%
1 Swahili moja
11%
5 Swahili tano
11%
9 Swahili tisa
11%
3 Arabic ثلاثة
10%
6 Ukrainian шість
10%
6 Indonesian enam
10%
2 Vietnamese hai
10%
1 Vietnamese một
10%
8 Swahili nane
10%
9 Haitian Creole nèf
10%
6 Vietnamese sáu
10%
8 Vietnamese tám
10%
3 Indonesian tiga
10%
2 Korean
8%
4 Ukrainian чотири
8%
7 Vietnamese bảy
8%
8 Indonesian delapan
8%
1 Czech jedna
8%
4 Esperanto kvar
8%
5 Esperanto kvin
8%
5 Vietnamese năm
8%
8 Czech osm
8%
7 Czech sedm
8%
6 Swahili sita
8%
3 Swahili tatu
8%
2 Arabic اثنين
7%
4 Arabic أربعة
7%
8 Arabic ثمانية
7%
5 Hebrew חָמֵשׁ
7%
4 Russian четыре
7%
5 Irish a cúig
7%
9 Irish a naoi
7%
9 Vietnamese chín
7%
4 Czech čtyři
7%
9 Scottish Gaelic naoi
7%
5 Haitian Creole senk
7%
10 Indonesian sepuluh
7%
7 Indonesian tujuh
7%
1 Hebrew אַחַת
6%
4 Korean
6%
1 Yiddish אײנס
6%
6 Yiddish זעקס
6%
10 Yiddish צען
6%
10 Irish a deich
6%
1 Irish a haon
6%
8 Irish a hocht
6%
1 Scottish Gaelic aon
6%
2 Welsh dau
6%
10 Welsh deg
6%
10 Scottish Gaelic deich
6%
7 Hawaiian 'Ehiku
6%
9 Hawaiian 'Eiwa
6%
1 Hawaiian 'Ekahi
6%
3 Hawaiian 'Ekolu
6%
5 Hawaiian 'Elima
6%
2 Hawaiian 'Elua
6%
6 Hawaiian 'Eono
6%
8 Hawaiian 'Ewalu
6%
9 Welsh naw
6%
9 Indonesian sembilan
6%
8 Haitian Creole uit
6%
10 Hawaiian 'Umi
6%
1 Haitian Creole youn
6%
2 Hebrew שְׁתַּיִם
4%
6 Hindi छह
4%
8 Hindi आठ
4%
3 Yiddish דרײַ
4%
5 Yiddish פֿינף
4%
7 Yiddish זיבן
4%
9 Yiddish נײַן
4%
4 Irish a ceathair
4%
6 Welsh chwech
4%
4 Navajo dį́į́ʼ
4%
10 Swahili kumi
4%
2 Swahili mbili
4%
10 Vietnamese mười
4%
4 Swahili nne
4%
4 Welsh pedwar
4%
5 Welsh pump
4%
7 Welsh saith
4%
6 Scottish Gaelic sia
4%
8 Welsh wyth
4%
2 Yiddish צװײ
3%
8 Yiddish אכט
3%
9 Klingon Hut
3%
3 Klingon wej
3%
5 Korean 다섯
1%
6 Korean 여섯
1%
7 Korean 일곱
1%
8 Korean 여덟
1%
9 Korean 아홉
1%
10 Korean
1%
10 High Valyrian ampa
1%
5 Navajo ashdlaʼ
1%
6 High Valyrian bȳre
1%
4 Scottish Gaelic ceithir
1%
8 Klingon chorgh
1%
5 Scottish Gaelic còig
1%
3 High Valyrian hāre
1%
6 Navajo hastą́ą́
1%
7 Zulu isikhombisa
1%
9 Zulu isishiyagalolunye
1%
8 Zulu isishiyagalombili
1%
6 Zulu isithupha
1%
4 High Valyrian izula
1%
6 Klingon jav
1%
8 High Valyrian jēnqa
1%
2 Zulu kubili
1%
5 Zulu kuhlanu
1%
4 Zulu kune
1%
1 Zulu kunye
1%
3 Zulu kuthathu
1%
2 High Valyrian lanta
1%
4 Klingon loS
1%
1 High Valyrian mēre
1%
2 Navajo naaki
1%
9 Navajo náhástʼéí
1%
10 Navajo neeznáá
1%
8 Scottish Gaelic ochd
1%
7 Scottish Gaelic seachd
1%
7 High Valyrian sīkuda
1%
7 Klingon Soch
1%
3 Navajo tááʼ
1%
1 Navajo tʼááłáʼí
1%
5 High Valyrian tōma
1%
8 Navajo tseebíí
1%
7 Navajo tsostsʼid
1%
5 Klingon vagh
1%
9 High Valyrian vōre
1%
10 Klingon wa’maH
1%
10 Zulu ishumi
0%
No matching quizzes found
Score Distribution
Percent of People with Each Score
Percentile by Number Answered
Your Score History
You have not taken this quiz since the last reset